Peterson's study guide to English and math skills for college entrance examinations: SAT success

Đã lưu trong:
Sonraí Bibleagrafaíochta
Príomhúdar: Joan Davenport Carris
Formáid: Leabhar
Teanga:Undetermined
Foilsithe: Princeton, New Jersey Peterson's Guides 1994
Ábhair:
Clibeanna: Cuir Clib Leis
Gan Chlibeanna, Bí ar an gcéad duine leis an taifead seo a chlibeáil!
Thư viện lưu trữ: Trung tâm Học liệu Trường Đại học Cần Thơ
LEADER 00759nam a2200193Ia 4500
001 CTU_17894
008 210402s9999 xx 000 0 und d
020 |b Harvard-Yenching Institute 
082 |a 378.1662 
082 |b C316 
100 |a Joan Davenport Carris 
245 0 |a Peterson's study guide to English and math skills for college entrance examinations: SAT success 
245 0 |c Joan Davenport Carris, Micheal R Cristal, William R McQuade 
260 |a Princeton, New Jersey 
260 |b Peterson's Guides 
260 |c 1994 
650 |a scholastic aptitute test - study guides,universities and colleges - united states - entrance examinations - study guides 
904 |i Minh, 970811 
980 |a Trung tâm Học liệu Trường Đại học Cần Thơ